Politikai episztemológia

Elmentve itt :
Bibliográfiai részletek
Szerző: Szabó Márton
Adatforrás:Philobibl
Dokumentumtípus: Könyv
Nyelv:magyar
Kulcsszavak:ismeretelmélet
politikatudomány
Megjelent: Budapest L'Harmattan 2011
Sorozat:Posztmodern politológiák
LEADER 00442nam a2200157 c 4500
001 bibPHI0043553
005 20200924125030.1
008 110210s2011 hu 00010 hun d
100 1 |a Szabó Márton 
245 1 0 |a Politikai episztemológia  |c Szabó Márton 
260 |a Budapest  |b L'Harmattan  |c 2011 
300 |a 313 p. 
490 1 |a Posztmodern politológiák 
695 |a ismeretelmélet 
695 |a politikatudomány 
830 0 |a Posztmodern politológiák